000 01123nam a22002894a 4500
001 197832
003 ES-MaACL
005 20251025063031.0
008 250922n ec a|||| |||| 001 0 spa d
040 _aES-MaACL
_bspa
_cES-MaACL
_erda
080 _a821.134.2(866)-31"19"
100 1 _983755
_aMoscoso Valarezo, Adela Irene
_eaut
245 1 0 _aPerdida en la selva /
_cAdela Moscoso Valarezo
264 1 _aRiobamba, Ecuador :
_bAdela Irene Moscoso Valarezo,
_c[fecha de publicación no identificada]
300 _a122 páginas :
_bilustraciones ;
_c21 cm
336 _2rdacontent
_atexto
337 _2rdamedia
_asin mediación
338 _2rdacarrier
_avolumen
500 _aÍndice
500 _aEjemplar dedicado y firmado por la autora
655 0 _9233775
_aNovelas de aprendizaje
852 _aES-MaACL
_cDEPO1
_jA-15808
_gDedicatoria autógrafa de la autora
_hDonación: Adela Moscoso Valarezo
_xEncuadernación rústica
_9206853
942 _cMONOGRAFIA
_n0
999 _c197832
_d197832